000 00905nas a2200241 a 4500
003 AM-YeHGA
040 _aAM-YeHGA
650 0 4 _aԱմսագիր
942 _2udc
_cCR
090 _c312412
001 000886943
005 20250618074102.0
008 120425c19539999xxudrzp 0 0arm d
041 0 _aarm
245 0 0 _aՊայքար :
_bԱզգային, քաղաքական և գրական օրաթերթ /
_cՀայ ռամկավար ազատական կուսակցության Ամերիկայի շրջանակի պաշտոնաթերթ.
260 _aԲոստոն :
_bԱ. Հ.,
_c1953-.
300 _aհամար :
_bնկ.
310 _aՕրաթերթ
362 _a1953-
650 1 4 _aԳրականություն
_vՊարբերականներ
_98507
650 1 4 _aՔաղաքականություն
_vՊարբերականներ
710 2 _aՀայ յեղափոխական դաշնակցութիւն
_94870
999 _c310695
_d310695